Off to a good start? jobs for youth

Salvato in:
Dettagli Bibliografici
Natura: Libro
Lingua:inglese
Pubblicazione: Paris OECD 2010
Soggetti:
Tags: Aggiungi Tag
Nessun Tag, puoi essere il primo ad aggiungerne!!

MARC

LEADER 00000nam a2200000 4500
001 0149970
005 20221108071349.1
020 |a 978-92-64-09607-3 
022 |a 1997-6844 
041 0 |a eng 
044 |a FR 
245 1 0 |a Off to a good start?  |b jobs for youth 
264 1 |a Paris  |b OECD  |c 2010 
300 |a 158 s. 
610 2 0 |a trh práce 
610 2 0 |a mládež 
610 2 0 |a kríza 
610 2 0 |a nezamestnanosť 
610 2 0 |a ukazovatele 
610 2 0 |a vzdelávanie 
610 2 0 |a miesta pracovné 
610 2 0 |a zabezpečenie sociálne 
610 2 0 |a porovnanie medzinárodné 
610 2 0 |a údaje štatistické